| 000 | 00370nam a2200157Ia 4500 | ||
|---|---|---|---|
| 003 | Ost | ||
| 005 | 20260225132538.0 | ||
| 008 | 260225s9999||||xx |||||||||||||| ||und|| | ||
| 040 | _cfsic | ||
| 041 | _afre | ||
| 082 | _a302.2 | ||
| 100 |
_aDanielle charron _eAuteur |
||
| 245 | 0 | _aUne introduction à la communication / | |
| 245 | 0 | _cDanielle charron | |
| 942 | _cكتاب | ||
| 999 |
_c33310 _d33310 |
||